| 000 | 00539nam a22002057a 4500 | ||
|---|---|---|---|
| 003 | OSt | ||
| 005 | 20160815125441.0 | ||
| 008 | 160815b xxu||||| |||| 00| 0 eng d | ||
| 020 | _a0764503693 | ||
| 040 | _cDDC. | ||
| 082 | _a005.7LEV 1998. | ||
| 100 |
_aLevine,R.John;Young Levine,Margaret; _910648 |
||
| 245 | _aMore Internet for Dammies. | ||
| 250 | _a4th ed. | ||
| 260 |
_aNew York. _bIDG Books World Wide, _c1998 |
||
| 300 |
_a384p; _bill; _c25cm. |
||
| 504 | _aincludes index. | ||
| 650 |
_aInternet; _9630 |
||
| 942 |
_2ddc _cO_SHELF |
||
| 999 |
_c4974 _d4974 |
||